000170331 001__ 170331
000170331 005__ 20260410165451.0
000170331 0248_ $$2sideral$$a148845
000170331 037__ $$aART-2024-148845
000170331 041__ $$aeng
000170331 100__ $$aMartinez-Tur, Vicente
000170331 245__ $$aContributions of Workers with Intellectual Disabilities through Integrated Employment
000170331 260__ $$c2024
000170331 5060_ $$aAccess copy available to the general public$$fUnrestricted
000170331 540__ $$9info:eu-repo/semantics/openAccess$$aAll rights reserved$$uhttp://www.europeana.eu/rights/rr-f/
000170331 590__ $$a1.6$$b2024
000170331 591__ $$aPSYCHOLOGY, MULTIDISCIPLINARY$$b103 / 223 = 0.462$$c2024$$dQ2$$eT2
000170331 592__ $$a1.154$$b2024
000170331 593__ $$aArts and Humanities (miscellaneous)$$c2024$$dQ1
000170331 593__ $$aPsychology (miscellaneous)$$c2024$$dQ1
000170331 593__ $$aMedicine (miscellaneous)$$c2024$$dQ1
000170331 594__ $$a6.0$$b2024
000170331 655_4 $$ainfo:eu-repo/semantics/conferenceObject$$vinfo:eu-repo/semantics/publishedVersion
000170331 700__ $$aFajardo-Castro, Leady V.
000170331 700__ $$aPlavsic, Aleksandar
000170331 700__ $$aMoliner, Carolina
000170331 700__ $$aGracia, Esther
000170331 700__ $$0(orcid)0000-0003-0898-0480$$aLira, Eva$$uUniversidad de Zaragoza
000170331 7102_ $$14009$$2740$$aUniversidad de Zaragoza$$bDpto. Psicología y Sociología$$cÁrea Psicología Social
000170331 773__ $$g59, 1 (2024), 408-408$$pInt. j. psychol.$$tINTERNATIONAL JOURNAL OF PSYCHOLOGY$$x0020-7594
000170331 8564_ $$s242012$$uhttps://zaguan.unizar.es/record/170331/files/texto_completo.pdf$$yVersión publicada
000170331 8564_ $$s3700472$$uhttps://zaguan.unizar.es/record/170331/files/texto_completo.jpg?subformat=icon$$xicon$$yVersión publicada
000170331 909CO $$ooai:zaguan.unizar.es:170331$$particulos$$pdriver
000170331 951__ $$a2026-04-10-13:46:42
000170331 980__ $$aARTICLE